Red Dead Redemption 2 Trivia - Statistics

General Stats
  • This quiz has been taken 817 times
  • The average score is 7 of 9
Answer Stats
Hint Answer % Correct
Main Character Arthur Morgan
98%
Leader who always gets people's hopes up Dutch
98%
Disease he dies from tuberculosis
97%
Main Character in RDR1 that appears in RDR2 John
93%
what is Arthur's special ability. Dead eye
82%
Doesn't help out the town in any way besides a little of blacksmith Uncle
78%
who says " You don't build a barn dumb***!" Uncle
78%
Who created RDR2? Same as GTA V Rockstar Games
71%
chapter 1 climate Harsh Winter
2%
No matching quizzes found
Score Distribution
Percent of People with Each Score
Percentile by Number Answered
Your Score History
You have not taken this quiz